Statistics for Top 20 of biggest Dutch cities

Click here to take the quiz!

General Stats

  • This quiz has been taken 4,494 times
    (1,503 since last reset)
  • The average score is 11 of 20

Answer Stats

RankAnswerInhabitants% Correct
1Amsterdam922.679
100%
2Rotterdam664.311
99%
3Den Haag562.446
95%
4Utrecht368.024
86%
5Eindhoven243.669
81%
6Groningen238.016
75%
9Breda186.504
54%
13Haarlem165.650
53%
10Nijmegen182.399
53%
12Arnhem165.896
52%
7Tilburg227.794
50%
18's-Hertogenbosch158.952
48%
19Zwolle132.454
47%
15Enschede161.194
45%
8Almere223.183
42%
20Leeuwarden127.064
37%
11Apeldoorn167.205
36%
16Amersfoort160.902
34%
17Zaanstad159.806
21%
14Haarlemmermeer162.344
11%

Score Distribution

Percentile by Number Answered

Percent of People with Each Score

Your Score History

You have not taken this quiz since the last reset